Movies Quiz

Random Movies or Oscar Quiz
Score 0/14 Timer 05:00
0 Plays Today
Hint Answer % Correct
Maggie Smith
91.4%
Emma Thompson
84%
Richard Harris
81%
Ralph Fiennes
76.1%
Gary Oldman
75.5%
Kenneth Branagh
69.9%
Helena Bonham Carter
62.6%
Hint Answer % Correct
Imelda Staunton
57.1%
Julie Walters
55.8%
Jim Broadbent
52.8%
John Hurt
31.9%
Miranda Richardson
31.9%
Julie Christie
29.4%
John Cleese
28.8%
Remove Ads.
Support Sporcle.
Get the best of Sporcle when you Go Orange. This ad-free experience offers more features, more stats, and more fun while also helping to support Sporcle. Thank you for becoming a member.

You're not logged in!

Compare scores with friends on all Sporcle quizzes.
OR
Log In

Show Comments

Extras

Top Quizzes Today


Score Distribution

Your Account Isn't Verified!

In order to create a playlist on Sporcle, you need to verify the email address you used during registration. Go to your Sporcle Settings to finish the process.

Report this User

Report this user for behavior that violates our Community Guidelines.

Details: